00515cam a22002171 4500001001300000003000400013005001700017008004100034010001700075025001900092035002000111040002100131042001200152050002100164100002600185245002500211260001100236300001900247500001400266999001700280sa 68000328 DLC20260227112422.0950221s1966 ii 000 1 tamo  asa 68000328  aPL480:I-T-1425 a(OCoLC)32029538 aDLCcCUdCUdDLC apremarc00aPL4758.9.M78bP31 aMurthy, V. K.,d1926-10aPāmin̲ip pāvai. c[1966] a380 p.c19 cm. aIn Tamil. c77129d77129